[Event "POR Cup 38th"]
[Site "Portugal"]
[Date "2016.04.30"]
[Round "3.7"]
[White "Fernandes, Afonso Sampaio SP"]
[Black "Cross, Dominic"]
[Result "1-0"]
[WhiteElo "1917"]
[BlackElo "1909"]
[PlyCount "75"]
[EventDate "2016.02.20"]
[EventType "team-k.o."]
[EventRounds "6"]
[EventCountry "POR"]
[SourceTitle "EXT 2017"]
[Source "ChessBase"]
[SourceDate "2016.10.25"]
[SourceVersion "1"]
[SourceVersionDate "2016.10.25"]
[SourceQuality "1"]
[WhiteTeam "Sao Miguel"]
[BlackTeam "Coimbra"]
[WhiteTeamCountry "POR"]
[BlackTeamCountry "POR"]

1. e4 e5 2. Nf3 Nc6 3. Bc4 Bc5 4. c3 Nf6 5. d4 exd4 6. cxd4 Bb4+ 7. Bd2 Bxd2+ 8. Nbxd2 d5 9. exd5 Nxd5 10. Qb3 Nce7 11. 0-0 0-0 12. Rfe1 c6 13. Ne5 Rb8 14. a4 Be6 15. Ne4 Nf4 16. Nc5 Ned5 17. Re4 Re8 18. Rae1 Qg5 19. Qg3 Qf5 20. Bxd5 Nxd5 21. Nc4 Nf6 22. Nxe6 g6 23. Re5 Qc2 24. Na3 Qxb2 25. Nc5 Rxe5 26. dxe5 Re8 27. e6 fxe6 28. Rb1 Qd2 29. Nxb7 Nd5 30. Qd6 Qe2 31. Nc5 Nc3 32. Rf1 Kf7 33. Qxc6 Nd5 34. Nb5 Re7 35. Nd4 Qg4 36. Ndxe6 Qc4 37. Ng5+ Kg8 38. Qc8+ 1-0

[Event "Seville op 40th"]
[Site "Seville"]
[Date "2015.01.27"]
[Round "4"]
[White "Rodriguez Perez, Angel Mariano"]
[Black "Cross, Dominic"]
[Result "1/2-1/2"]
[WhiteElo "2171"]
[BlackElo "1944"]
[PlyCount "81"]
[EventDate "2015.01.25"]
[EventType "swiss"]
[EventRounds "9"]
[EventCountry "ESP"]
[SourceTitle "CBM 164 Extra"]
[Source "ChessBase"]
[SourceDate "2015.03.02"]
[SourceVersion "1"]
[SourceVersionDate "2015.03.02"]
[SourceQuality "1"]

1. e4 e6 2. d4 d5 3. exd5 exd5 4. Bf4 Nf6 5. Nc3 c6 6. Qd2 Bf5 7. 0-0-0 Be7 8. f3 h6 9. g4 Bh7 10. h4 Bg6 11. Nge2 Na6 12. Bh3 h5 13. g5 Nd7 14. Ng3 b5 15. Bf5 0-0 16. Rde1 Nb6 17. Bxg6 fxg6 18. Qe3 Rxf4 19. Qxf4 Bd6 20. Re8+ Kh7 21. Re5 Nc4 22. Nxh5 Qc7 23. Rhe1 Bxe5 24. dxe5 gxh5 25. g6+ Kxg6 26. Rg1+ Kh7 27. Qf5+ Kg8 28. Qe6+ Qf7 29. Qxc6 Nb4 30. Qxa8+ Kh7 31. b3 Qf4+ 32. Kb1 Nd2+ 33. Kc1 Nxf3+ 34. Kb1 Nd2+ 35. Kc1 Nc4+ 36. Kb1 Nd2+ 37. Kc1 Nc4+ 38. Kb1 Nd2+ 39. Kc1 Nf1+ 40. Kb1 Nd2+ 41. Kc1 1/2-1/2

[Event "Seville op 40th"]
[Site "Seville"]
[Date "2015.01.25"]
[Round "2"]
[White "Silva Lucena, Cristian"]
[Black "Cross, Dominic"]
[Result "1-0"]
[WhiteElo "2200"]
[BlackElo "1944"]
[PlyCount "87"]
[EventDate "2015.01.25"]
[EventType "swiss"]
[EventRounds "9"]
[EventCountry "ESP"]
[SourceTitle "CBM 164 Extra"]
[Source "ChessBase"]
[SourceDate "2015.03.02"]
[SourceVersion "1"]
[SourceVersionDate "2015.03.02"]
[SourceQuality "1"]

1. e4 e5 2. Nf3 Nc6 3. Bc4 Bc5 4. c3 Nf6 5. d3 a6 6. 0-0 Ba7 7. Bg5 h6 8. Bh4 d6 9. Re1 g5 10. Bg3 Be6 11. Nbd2 Qd7 12. b4 b5 13. Bb3 0-0 14. Nf1 a5 15. a3 axb4 16. axb4 Bb6 17. Bxe6 Qxe6 18. N3d2 Rxa1 19. Qxa1 Nh5 20. Qd1 Nxg3 21. Nxg3 Ne7 22. Qb3 Ra8 23. c4 Nc6 24. Nf5 Nd4 25. Nxd4 Bxd4 26. Nf1 bxc4 27. dxc4 Qf6 28. Qc2 Ra3 29. Ng3 Rc3 30. Qe2 Rb3 31. Rf1 Rxb4 32. Nf5 Rb2 33. Qh5 Kh7 34. g3 Bc5 35. Kg2 Qg6 36. Qf3 g4 37. Qd1 Qg5 38. Qd5 Qf6 39. Qa8 Rc2 40. Qa4 Rb2 41. Qe8 Bb6 42. Kg1 Kg6 43. Qg8+ Kh5 44. h4 1-0

[Event "Figueira da Foz op 8th"]
[Site "Figueira da Foz"]
[Date "2014.11.25"]
[Round "4"]
[White "Vasques, Antonio Pedro Freix"]
[Black "Cross, Dominic"]
[Result "1-0"]
[WhiteElo "2206"]
[BlackElo "1940"]
[PlyCount "41"]
[EventDate "2014.11.23"]
[EventType "swiss"]
[EventRounds "9"]
[EventCountry "POR"]
[SourceTitle "CBM 163 Extra"]
[Source "ChessBase"]
[SourceDate "2014.12.23"]
[SourceVersion "1"]
[SourceVersionDate "2014.12.23"]
[SourceQuality "1"]

1. e4 e5 2. Nf3 Nc6 3. Bc4 Bc5 4. c3 Nf6 5. d3 a6 6. Nbd2 Ba7 7. Nf1 d6 8. Bb3 Ne7 9. Ng3 Ng6 10. 0-0 0-0 11. h3 c6 12. d4 exd4 13. cxd4 d5 14. Bg5 h6 15. Bxf6 Qxf6 16. exd5 Rd8 17. dxc6 Bxd4 18. Nh5 Qd6 19. Nxd4 Qxd4 20. Qc2 Qb6 21. Qxg6 1-0

[Event "Gaia Profigaia op 7th"]
[Site "Vila Nova de Gaia"]
[Date "2014.07.02"]
[Round "6"]
[White "Cross, Dominic"]
[Black "Dias, Ricardo Pedro Cruz"]
[Result "0-1"]
[WhiteElo "1923"]
[BlackElo "1605"]
[PlyCount "134"]
[EventDate "2014.06.28"]
[EventType "swiss"]
[EventRounds "9"]
[EventCountry "POR"]
[SourceTitle "CBM 161 Extra"]
[Source "ChessBase"]
[SourceDate "2014.08.29"]
[SourceVersion "1"]
[SourceVersionDate "2014.08.29"]
[SourceQuality "1"]

1. d4 Nf6 2. Nf3 c5 3. d5 g6 4. Nc3 d6 5. e4 Bg7 6. Be2 Nbd7 7. 0-0 0-0 8. a4 a6 9. h3 Rb8 10. Re1 Ne8 11. Ra3 Nc7 12. a5 b5 13. axb6 Nxb6 14. Nd2 Qe8 15. Nc4 Nxc4 16. Bxc4 Nb5 17. Rb3 Nxc3 18. bxc3 Rxb3 19. cxb3 Bxc3 20. Re2 Qd8 21. Qd3 Qa5 22. Bh6 Bg7 23. Bxg7 Kxg7 24. Kh2 Qa1 25. f4 Qc1 26. Qg3 f6 27. h4 h6 28. Re3 Qd1 29. Be2 Qd4 30. Bh5 g5 31. hxg5 hxg5 32. fxg5 Kh8 33. Kh1 fxg5 34. Qxg5 Qg7 35. Qh4 Qh6 36. Rg3 Rf4 37. Qg5 Qxg5 38. Rxg5 Rxe4 39. Bf7 Rh4+ 40. Kg1 Rf4 41. Be8 Rf5 42. Rg3 Rxd5 43. Bf7 Rf5 44. Bg6 Rf6 45. Bd3 Rf4 46. Re3 e6 47. g3 Rg4 48. Kf2 d5 49. Rf3 Kg7 50. Ke3 e5 51. Rf1 Rxg3+ 52. Kd2 e4 53. Bc2 Rg2+ 54. Kc1 Bd7 55. Rd1 Bc6 56. Re1 Kf6 57. Rh1 d4 58. Rh6+ Rg6 59. Rh5 e3 60. Bxg6 Kxg6 61. Rxc5 Bf3 62. Rc8 Kf5 63. Re8 Kf4 64. Kc2 Be4+ 65. Kd1 d3 66. Rf8+ Kg3 67. Rd8 Kf2 0-1

[Event "St Joao da Madeira op 10th"]
[Site "Sao Joao da Madeira"]
[Date "2013.10.12"]
[Round "6.19"]
[White "Cross, Dominic"]
[Black "Fernandes, Tiago Saraiva"]
[Result "1-0"]
[WhiteElo "1917"]
[BlackElo "1554"]
[PlyCount "37"]
[EventDate "2013.10.05"]
[EventType "swiss"]
[EventRounds "7"]
[EventCountry "POR"]
[SourceTitle "EXT 2015"]
[Source "ChessBase"]
[SourceDate "2014.11.20"]
[SourceVersion "1"]
[SourceVersionDate "2014.11.20"]
[SourceQuality "1"]

1. d4 Nf6 2. c4 g6 3. Nc3 d5 4. Bf4 Bg7 5. e3 0-0 6. Nf3 dxc4 7. Bxc4 c5 8. d5 a6 9. a4 b6 10. 0-0 Bb7 11. e4 Re8 12. Qb3 Nbd7 13. h3 Qc8 14. Rfe1 Nh5 15. Bh2 Bh6 16. Ne2 Bg7 17. g4 Nhf6 18. e5 Ne4 19. Qe3 1-0

[Event "St Joao da Madeira op 10th"]
[Site "Sao Joao da Madeira"]
[Date "2013.10.06"]
[Round "4.19"]
[White "Cross, Dominic"]
[Black "Ribeiro, Rafael"]
[Result "1-0"]
[WhiteElo "1917"]
[BlackElo "1520"]
[PlyCount "108"]
[EventDate "2013.10.05"]
[EventType "swiss"]
[EventRounds "7"]
[EventCountry "POR"]
[SourceTitle "EXT 2015"]
[Source "ChessBase"]
[SourceDate "2014.11.20"]
[SourceVersion "1"]
[SourceVersionDate "2014.11.20"]
[SourceQuality "1"]

1. d4 d5 2. c4 c6 3. Nc3 Nf6 4. Nf3 g6 5. Bf4 Bg7 6. e3 0-0 7. Rc1 dxc4 8. Bxc4 Nbd7 9. b4 Nb6 10. Bb3 Nbd5 11. Nxd5 Nxd5 12. Bxd5 Qxd5 13. Qe2 Bg4 14. 0-0 Bxf3 15. gxf3 b6 16. Kg2 Rfe8 17. Rfd1 e6 18. Rc2 Rac8 19. Bg3 Bf8 20. a3 Qd7 21. Rdc1 Bd6 22. Qa6 Bxg3 23. hxg3 Re7 24. b5 Qb7 25. Qa4 c5 26. dxc5 bxc5 27. Rxc5 Rxc5 28. Rxc5 Rc7 29. Rxc7 Qxc7 30. Qe4 Qa5 31. a4 Kf8 32. g4 Kg7 33. Qd4+ Kg8 34. f4 h6 35. e4 Qc7 36. Qd2 Qc4 37. Kg3 Qxa4 38. Qd3 Kg7 39. f5 exf5 40. exf5 gxf5 41. Qxf5 Qd4 42. Kf3 Qf6 43. Kf4 Qd4+ 44. Kf3 Qc3+ 45. Kg2 Qd4 46. Kh3 Qf6 47. Qc5 Qb6 48. Qe5+ Qf6 49. Qc5 Qb6 50. Qxb6 axb6 51. Kg3 Kg6 52. Kf4 Kf6 53. Ke4 Ke6 54. f3 Kd6 1-0

[Event "Gaia Profigaia op 6th"]
[Site "Vila Nova de Gaia"]
[Date "2013.07.07"]
[Round "3.11"]
[White "Cross, Dominic"]
[Black "Fernandes, Tiago Saraiva"]
[Result "1-0"]
[WhiteElo "1946"]
[BlackElo "1560"]
[PlyCount "61"]
[EventDate "2013.07.06"]
[EventType "swiss"]
[EventRounds "9"]
[EventCountry "POR"]
[SourceTitle "EXT 2015"]
[Source "ChessBase"]
[SourceDate "2014.11.20"]
[SourceVersion "1"]
[SourceVersionDate "2014.11.20"]
[SourceQuality "1"]

1. d4 Nf6 2. c4 g6 3. Nc3 d5 4. Bf4 Bg7 5. e3 0-0 6. Rc1 c6 7. Nf3 Nbd7 8. h3 Re8 9. cxd5 cxd5 10. Be2 a6 11. 0-0 e6 12. Qb3 Nb6 13. Nb5 axb5 14. Bc7 Qe7 15. Bxb6 Bd7 16. Bxb5 Rec8 17. a3 Ne4 18. a4 Qd6 19. a5 Qe7 20. Bxd7 Qxd7 21. Qd3 Rc6 22. Nd2 Nd6 23. Nb3 Ne4 24. Rxc6 bxc6 25. Rc1 Bf8 26. Nc5 Nxc5 27. dxc5 Qb7 28. b4 Be7 29. b5 Bd8 30. Bxd8 Rxd8 31. a6 1-0

[Event "La Roda op 40th"]
[Site "La Roda"]
[Date "2013.03.27"]
[Round "1"]
[White "Strikovic, Aleksa"]
[Black "Cross, Dominic"]
[Result "1-0"]
[WhiteElo "2500"]
[BlackElo "1934"]
[PlyCount "58"]
[EventDate "2013.03.27"]
[EventType "swiss"]
[EventRounds "9"]
[EventCountry "ESP"]
[SourceTitle "CBM 153 Extra"]
[Source "ChessBase"]
[SourceDate "2013.04.22"]
[SourceVersion "1"]
[SourceVersionDate "2013.04.22"]
[SourceQuality "1"]

1. c4 e5 2. Nc3 Nf6 3. Nf3 d6 4. d4 Nbd7 5. e4 Be7 6. Be2 0-0 7. 0-0 c6 8. Re1 Rb8 9. Rb1 a6 10. b4 Re8 11. a3 Qc7 12. Qc2 b6 13. Bb2 Bb7 14. Rbc1 Rbc8 15. Qb3 c5 16. dxe5 Nxe4 17. Nd5 Bxd5 18. cxd5 Ng5 19. Bxa6 Nxf3+ 20. Qxf3 Nxe5 21. Bxe5 dxe5 22. Bxc8 Rxc8 23. bxc5 Bxc5 24. a4 Qd7 25. Qe4 f6 26. Red1 Ra8 27. Rc4 Ra5 28. d6 Bd4 29. g3 Qxd6 1-0

[Event "Figueira da Foz op 2nd"]
[Site "Figueira da Foz"]
[Date "2005.11.05"]
[Round "9"]
[White "Leite Oralova, Catarina"]
[Black "Cross, Dominic"]
[Result "1-0"]
[WhiteElo "2228"]
[BlackElo "1927"]
[PlyCount "65"]
[EventDate "2005.10.29"]
[EventType "swiss"]
[EventRounds "9"]
[EventCountry "POR"]
[SourceTitle "EXT 2006"]
[Source "ChessBase"]
[SourceDate "2005.11.24"]
[SourceVersion "1"]
[SourceVersionDate "2005.11.24"]
[SourceQuality "1"]

1. e4 e6 2. d3 d5 3. Nd2 c5 4. g3 Nc6 5. Bg2 g6 6. Ne2 Bg7 7. c3 Nge7 8. Nf4 d4 9. c4 0-0 10. Qe2 a6 11. h4 h6 12. Nf3 Qc7 13. Nh2 b5 14. b3 bxc4 15. bxc4 Rb8 16. Ng4 Ne5 17. Nxe5 Bxe5 18. 0-0 Kh7 19. Nh3 Bg7 20. f4 e5 21. f5 gxf5 22. exf5 f6 23. g4 Qa5 24. g5 Qc3 25. Bd2 Rb2 26. Rad1 Kh8 27. gxh6 Bxh6 28. Qh5 Qxd3 29. Qxh6+ Kg8 30. Qxf8+ Kxf8 31. Bh6+ Kf7 32. Rxd3 Bxf5 33. Rg3 1-0

[Event "Coimbra Classics 2nd"]
[Site "Coimbra"]
[Date "2003.11.16"]
[Round "9"]
[White "Cross, Dominic"]
[Black "Rodrigues, Luis Eugenio"]
[Result "1/2-1/2"]
[WhiteElo "1801"]
[BlackElo "1801"]
[PlyCount "29"]
[EventDate "2003.10.31"]
[EventType "tourn"]
[EventRounds "9"]
[EventCountry "POR"]
[SourceTitle "CBM 097 Extra"]
[Source "ChessBase"]
[SourceDate "2004.01.13"]
[SourceVersion "1"]
[SourceVersionDate "2004.01.13"]
[SourceQuality "1"]

1. e4 c5 2. Nf3 d6 3. d4 cxd4 4. Nxd4 Nf6 5. Nc3 g6 6. Bd3 Bg7 7. 0-0 Nc6 8. Nb3 Ne5 9. f4 Nxd3 10. cxd3 Bg4 11. Qe1 0-0 12. h3 Be6 13. f5 Bxb3 14. axb3 Rc8 15. Rxa7 1/2-1/2

[Event "Coimbra Classics 2nd"]
[Site "Coimbra"]
[Date "2003.11.01"]
[Round "2"]
[White "Bolito Domingues, Cesar"]
[Black "Cross, Dominic"]
[Result "1/2-1/2"]
[WhiteElo "1801"]
[BlackElo "1801"]
[PlyCount "34"]
[EventDate "2003.10.31"]
[EventType "tourn"]
[EventRounds "9"]
[EventCountry "POR"]
[SourceTitle "CBM 097 Extra"]
[Source "ChessBase"]
[SourceDate "2004.01.13"]
[SourceVersion "1"]
[SourceVersionDate "2004.01.13"]
[SourceQuality "1"]

1. d4 d5 2. c4 c6 3. Nf3 Nf6 4. Nc3 Bf5 5. cxd5 Nxd5 6. e3 e6 7. Bc4 Bd6 8. 0-0 Nd7 9. Re1 N7f6 10. Qb3 Nxc3 11. bxc3 Qb6 12. Ba3 Qxb3 13. axb3 Bxa3 14. Rxa3 Ne4 15. Rc1 Nd6 16. Rca1 a6 17. Nd2 Nb5 1/2-1/2